Statistics for 中国百万人口城市

Click here to take the quiz!

General Stats

  • This quiz has been taken 1 354 times
    (452 since last reset)
  • The average score is 79 of 98

Answers on the Map

Answers color-coded by a green-red scale on the quiz's map according to % correct below.
 

Answer Stats

人口(万)省/自治区城市% Correct
1888北京
99%
1005天津
98%
2404上海
98%
2712广东广州-佛山
97%
1778广东深圳
97%
851江苏南京
97%
804辽宁沈阳-抚顺
96%
966台湾台北
96%
1035湖北武汉
96%
418辽宁大连
96%
387黑龙江哈尔滨
96%
1265重庆
96%
1502四川成都
96%
629山东青岛
96%
507山西太原
95%
406山东济南
95%
500云南昆明
95%
505安徽合肥
95%
525福建厦门
95%
339吉林长春
95%
1221陕西西安
95%
647香港
95%
962浙江杭州
95%
1107河南郑州
95%
424江西南昌
94%
387河北石家庄
94%
298甘肃兰州
94%
325广西南宁
94%
609江苏苏州
94%
221内蒙古呼和浩特
94%
449福建福州
94%
455新疆乌鲁木齐
94%
507湖南长沙
94%
427贵州贵阳
94%
232宁夏银川
92%
257海南海口
91%
185青海西宁
91%
116吉林吉林
90%
220广东汕头
90%
1075广东东莞
90%
235台湾高雄
88%
231广东珠海
88%
452江苏无锡
87%
104广西桂林
87%
438浙江宁波
87%
136山东烟台
86%
112台湾台南
86%
148江苏徐州
86%
212内蒙古包头
86%
402浙江温州
85%
252台湾台中
85%
208河南洛阳
84%
674福建泉州
84%
175河北唐山
84%
421江苏常州
83%
102黑龙江齐齐哈尔
83%
112江苏南通
83%
119江苏扬州
81%
411广东中山
81%
111河北秦皇岛
81%
139河北保定
79%
141山西大同
78%
122广东潮州
77%
122广东湛江
77%
113江苏镇江
77%
155河北邯郸
77%
222山东淄博
75%
109四川绵阳
75%
108黑龙江大庆
74%
195浙江绍兴
74%
127浙江台州
73%
123广西柳州
73%
189广东惠州
73%
106湖南湘潭
71%
106安徽芜湖
70%
168福建莆田
70%
120湖南株洲
70%
106山东潍坊
69%
121陕西宝鸡
69%
103安徽马鞍山
69%
142辽宁鞍山
68%
100江西景德镇
67%
100福建漳州
66%
191山东临沂
66%
221江苏昆山
64%
109广东揭阳
64%
104湖北宜昌
63%
107辽宁营口
60%
182浙江义乌
59%
118湖北黄石
57%
160广东江门
57%
277江苏张家港
56%
104河南新乡
54%
127江苏常熟
49%
183浙江慈溪
41%
142广东普宁
29%
127浙江瑞安
24%
219广东潮阳
20%

Score Distribution

Percentile by Number Answered

Percent of People with Each Score

Your Score History

You have not taken this quiz since the last reset